| 000 | 00934cam a2200289M 4500 | ||
|---|---|---|---|
| 008 | |||
| 020 | _a0751533815 (pbk.) | ||
| 049 | _aMAIN | ||
| 090 |
_aBF637.L4 _bGOL |
||
| 100 | 1 | _aGoleman, Daniel. | |
| 245 | 1 | 4 |
_aThe new leaders : _btransforming the art of leadership into the science of results / _cDaniel Goleman, Richard Boyatzis and Annie McKee. |
| 260 |
_aLondon : _bLittle, Brown, _c2002. |
||
| 300 |
_axxi, 394 p. : _bill. ; _c25 cm. |
||
| 504 | _aIncludes index. | ||
| 650 | 0 |
_aLeadership _xPsychological aspects. |
|
| 650 | 0 |
_aManagement _xPsychological aspects. |
|
| 650 | 0 | _aEmotional intelligence. | |
| 650 | 0 | _aExecutive ability. | |
| 700 | 1 | _aBoyatzis, Richard E. | |
| 700 | 1 | _aMcKee, Annie. | |
| 740 | 0 | _aPrimal leadership. | |
| 907 |
_a.b10319013 _b02-10-12 _c28-09-12 |
||
| 003 | |||
| 005 | 20230123125451.0 | ||
| 040 | _cNUST | ||
| 942 |
_cBOOKS _kBF637.L4 _mGOL |
||
| 999 |
_c142006 _d142006 |
||